01193nas a2200313 4500001001300000003000900013005001700022007000300039008003400042040005400076041000900130072000800139100001900147100001900166100002200185100002100207100002300228245013700251650000900388650001800397650003200415650001400447773011200461856007100573909004000644942001800684999001900702952015800721BR2017002966BR-BrBNA20231205131126.0ta230509b bl.|||p| |||| 00| 00por d aBR-BrBNAbporcBiblioteca Nacional de Agricultura a(Pt) aP341 aJesus, A.A. de1 aCosta, E.M. da1 aNóbrega, R.S.A.1 aDiógenes, L.C.1 aNóbrega, J.C.A. 1 aCrescimento e nodulação de Enterolobium contortisiliquum cultivado em solos de diferentes sistemas de uso no Sudoeste do Piauí aMUDA aNODULAÇÃO aFIXAÇÃO DE NITROGÊNIO aRHIZOBIUM0 tPesquisa Florestal Brasileira (Brazil)xISSN 1983-2605 g(Oct-Dec 2017), v. 37(92) p. 545-553wBR201700296640uhttp://pfb.cnpf.embrapa.br/pfb/index.php/pfb/article/view/1460/619 a202311bLúciac55dLúcia Elande 2AGRISn0cANA c253150d253150 002AGRIS4071a41918b41918cPeriódicos Agrícolash(Oct-Dec 2017), v. 37(92) p. 545-553l0r2023-11-29t01yCRePortaria Interministerial nº 164/94